000 00610nam a2200193Ia 4500
005 20260120124433.0
008 008 260114s9999 xx 000 0 eng d
020 _a9781839099311
037 _aEBOOK
040 _aCRL
_beng
_cCRL
041 _aeng
_2eng
084 _qCRL
100 _aKathleen M. Moriarty
_9906416
245 0 _aTransforming Information Security: Optimizing Five Concurrent Trends to Reduce Resource Drain
260 _bEmerald Publishing
_c2020
856 _uhttps://www.emerald.com/insight/publication/doi/10.1108/9781839099281
942 _cEBOOK
999 _c1498102
_d1498102